00362nam a2200109 a 450000500170000000800410001705000180005810000160007624501010009226000360019344000230022920140414132106.0090218s19uu xx 00 eng d aFICbP64 2003 aPilkey, Dav aCaptain underpants and the big, bad battle of the bionic booger boy 2 :bthe seventh epic novel. aNew York :bScholastic ,c2003. aCaptain Underpants